Návrh zlepšenia systému manažmentu ľudských zdrojov vo vybranom priemyselnom podniku
Saved in:
| Main Author: | |
|---|---|
| Other Authors: | |
| Format: | Manuscript Book |
| Language: | Slovak |
| Published: |
2016
|
| Subjects: | |
| Online Access: | http://is.stuba.sk/zp/portal_zp.pl?podrobnosti=112440 |
| Tags: |
No Tags, Be the first to tag this record!
|
MARC
| LEADER | 00000ntm a22000003a 4500 | ||
|---|---|---|---|
| 001 | stuzp56654 | ||
| 003 | SK-STU | ||
| 005 | 20160719155044.9 | ||
| 007 | ta | ||
| 008 | 150427s2015----xo-----f-mn---000-0-slo-d | ||
| 040 | |a STU |b slo | ||
| 041 | 0 | |a slo | |
| 100 | 1 | |a Manďáková, Monika |u 064000 |4 aut |U MTF Materiálovotechnologická fakulta |T MTF Ústav priemyselného inžinierstva a manažmentu |X 65583 |U M4000 |Y 84 |7 65583 | |
| 242 | 0 | 1 | |a Proposal on improvement of human resources management system in selected industrial enterprise |y eng |
| 245 | 1 | 0 | |a Návrh zlepšenia systému manažmentu ľudských zdrojov vo vybranom priemyselnom podniku |
| 260 | |c 2016 | ||
| 650 | 4 | |a fluktuácia |2 slo | |
| 650 | 4 | |a ľudské zdroje |2 slo | |
| 650 | 4 | |a absencia |2 slo | |
| 650 | 4 | |a employee absence |2 eng | |
| 650 | 4 | |a employee turnover |2 eng | |
| 650 | 4 | |a human resource |2 eng | |
| 700 | 1 | |a Baran, Dušan |u 064000 |k Z1 |4 ths |U MTF Materiálovotechnologická fakulta |T MTF Ústav priemyselného inžinierstva a manažmentu |X 1021 |U M4000 |Y 84 |7 A000001021 | |
| 856 | 4 | |u http://is.stuba.sk/zp/portal_zp.pl?podrobnosti=112440 | |
| 996 | |c M* BP-7791 |l MMSKP |s P |a 0 |w stuzp56654_0001 | ||
| SQL | |a stuzp56654 |b DBP |c SLO |d Návrh zlepšenia systému manažmentu ľudských zdrojov vo vybranom priemyselnom podniku |e 65583 |f Manďáková, Monika |g 064000 |h 1021 |i Baran, Dušan |j 20160623 |k 173 |l 06 |m http://is.stuba.sk/zp/portal_zp.pl?podrobnosti=112440 |n B-PPP |o 5.2.52. priemyselné inžinierstvo | ||